Southville International School and Colleges
Your cart is empty.
  • Cart
  • Lists
    Public lists list_1 View all
    Your lists Log in to create your own lists
  • Log in to your account
  • Your cookies
  • Search history
Southville International School and Colleges
  • Advanced search
  • Recent comments
  • Most popular
  • Libraries

Log in to your account

Log in with GOOGLE


If you do not have an external account, but do have a local account, you can still log in:

  1. Home
  2. MARC view: Owl and the pussy cat (The) /
Normal view MARC view ISBD view

Owl and the pussy cat (The) / (Record no. 111529)

[ view plain ]
MARC details
000 -LEADER
fixed length control field 00470nam a2200181 a 4500
001 - CONTROL NUMBER
control field 3333
005 - DATE AND TIME OF LATEST TRANSACTION
control field 20140414131917.0
008 - FIXED-LENGTH DATA ELEMENTS--GENERAL INFORMATION
fixed length control field 040109s19uu xx 00 eng d
020 ## - INTERNATIONAL STANDARD BOOK NUMBER
International Standard Book Number 0-7239-0177-5
050 ## - LIBRARY OF CONGRESS CALL NUMBER
Classification number ER
Item number Ow4 1997
100 ## - MAIN ENTRY--PERSONAL NAME
Personal name Lear, Edward
245 ## - TITLE STATEMENT
Title Owl and the pussy cat (The) /
Statement of responsibility, etc Edward lear.
260 ## - PUBLICATION, DISTRIBUTION, ETC. (IMPRINT)
Place of publication, distribution, etc England :
Name of publisher, distributor, etc Kibworth Books,
Date of publication, distribution, etc 1997.
300 ## - PHYSICAL DESCRIPTION
Extent p. ; cm.
650 ## - SUBJECT ADDED ENTRY--TOPICAL TERM
Topical term or geographic name as entry element Animals
General subdivision Fiction.
650 ## - SUBJECT ADDED ENTRY--TOPICAL TERM
Topical term or geographic name as entry element Children stories.
Holdings
Withdrawn status Lost status Damaged status Use restrictions Home library Current library Shelving location Date acquired Source of acquisition Cost, normal purchase price Total Checkouts Full call number Barcode Date last seen Price effective from Koha item type
        Munich Library Munich Library Easy Reading Section 01/09/2004   50.00   ER Ow4 1997 M2295 04/14/2014 04/14/2014 Books

Owl and the pussy cat (The) /

APA

Lear E., . (1997). Owl and the pussy cat (The). England: Kibworth Books.

Chicago

Lear Edward, . 1997. Owl and the pussy cat (The). England: Kibworth Books.

Harvard

Lear E., . (1997). Owl and the pussy cat (The). England: Kibworth Books.

MLA

Lear Edward, . Owl and the pussy cat (The). England: Kibworth Books. 1997.

  • Place hold
  • Print
  • Cite
  • Add to your cart (remove)
  • Save record
    BIBTEX Dublin Core MARCXML MARC (non-Unicode/MARC-8) MARC (Unicode/UTF-8) MARC (Unicode/UTF-8, Standard) MODS (XML) RIS
  • More searches
    Search for this title in:
    Other Libraries (WorldCat) Other Databases (Google Scholar) Online Stores (Bookfinder.com) Open Library (openlibrary.org)

Exporting to Dublin Core...

SOUTHVILLE LIBRARY

Southville International School and Colleges Library

1281 Tropical Ave. Cor. Luxembourg St., BF Homes International, Las Pinas City

Tel. No. 8256374 / 252358 Loc. 117/146

Powered by Koha